000
00294nam a22001337a 4500
008
170630b xxu||||| |||| 00| 0 eng d
020
_a
9781840461695
041
_a
eng
080
_a
05
100
_a
22
101
_a
GJL
245
_a
LINGUISTICS INTRODUCTION
_c
TRASK.R.L
942
_2
udc
_c
BK
999
_c
19724
_d
19724